00965nam a22002297a 4500999001700000003000900017008004100026040007100067082001800138100002600156245007700182260003500259300002800294505016700322650001900489650002200508650002100530700005000551942001600601945002000617952009800637 c19232d19232AR-CdUCM190516b ||||| |||| 00| 0 spa d aMUNICIPALIDAD PROVINCIAL DEL CUSCOcBIBLIOTECA MUNICIPAL DEL CUSCO a330.8 /bSC29 aSchumpeter, Joseph A. aSíntesis de la evolución de la ciencia económica y sus métodos / aBarcelona :bOccidente,c1964. a212 páginas ;c23 cm. aContenido: El desarrollo de la economía política como ciencia -- El descubrimiento del circuito económico -- El sistema clásico y sus ramificaciones ...  aCiencia 92098 aEconómica92402 aMétodos920153 aPetit Fontseré, Jorge (Traducción)940452 2ddccLIBROS arahd2019-05-16 002ddc4070aSHbSHcCARTd2019-05-16g40.00o330.8 / SC29pSH0000014151r2019-05-16yLIBROS